Digital Systems (Record no. 165345)

MARC details
000 -LEADER
fixed length control field 00501nam a2200193Ia 4500
008 - FIXED-LENGTH DATA ELEMENTS--GENERAL INFORMATION
fixed length control field 230612s9999 xx 000 0 und d
020 ## - INTERNATIONAL STANDARD BOOK NUMBER
International Standard Book Number 0-471-06077-1
041 ## - LANGUAGE CODE
Language code of text/sound track or separate title eng
082 ## - DEWEY DECIMAL CLASSIFICATION NUMBER
Classification number 621.3815 BOS
100 ## - MAIN ENTRY--PERSONAL NAME
Personal name Bose S.K.
9 (RLIN) 135941
245 ## - TITLE STATEMENT
Title Digital Systems
Remainder of title From Gates To Microprocessors
250 ## - EDITION STATEMENT
Edition statement 2nd ed.
260 ## - PUBLICATION, DISTRIBUTION, ETC. (IMPRINT)
Date of publication, distribution, etc. 1992
Name of publisher, distributor, etc. Wiely Eastern
300 ## - PHYSICAL DESCRIPTION
Extent 432
365 ## - TRADE PRICE
Currency code Rs.
Price amount 100.00
700 ## - ADDED ENTRY--PERSONAL NAME
Personal name Bose S.K.
9 (RLIN) 135941
906 ## - LOCAL DATA ELEMENT F, LDF (RLIN)
d B:10-Oct-1992
c ETC
b 15
Holdings
Withdrawn status Lost status Damaged status Not for loan Home library Current library Date acquired Vendor Budget Code Cost, normal purchase price Bill number Total Checkouts Full call number Barcode Date last seen Discount Cost, replacement price Bill Date Koha item type Original Barcode
        Cummins College of Engineering for Women Pune Cummins College of Engineering for Women Pune 14/10/1992 Unicate Publishers Distributors ETC 85.00 207   621.3815 BOS CCEP-BK-1063 12/06/2023 15 100.00 10/10/1992 Books 001063